000 00727 a2200157 4500
005 20141204150200.0
008 141204b xxu||||| |||| 00| 0 spa d
040 _cCO-BoIH
041 _aspa
100 _aUlloa Delgado, Giovanni Andrés
_95171
245 _aEnmienda del Apendice 1 al 2 de la Poblaciòn Natural de crocodylus Acutus de la bahia de Cispata
_bPropuesta Preliminar
260 _aSan Antero
_bInstituto Alexander von Humboldt
_c2006
300 _a31 p.
773 0 _aUlloa Delgado, Giovanni Andrš
_dSan Antero Instituto Alexander von Humboldt 2006
_tMetodologa̕ estandarizada para la estimacin̤ de la poblacin̤ natural de Crocodylus acutus de la baha̕ de Cispat-̀departamento de Cordoba
942 _2z
_cINFORME
999 _c8867
_d8867